000 00707nam a22002172 4500
001 0000005903
005 20151217152008.0
008 070809s xx 000 0 eng d
020 _a0821318152 :
_cKES 800
040 _aKABU
_cKABU
050 0 _aHV4173
_b.M46
100 1 _aMenendez, Aurelio.
_@0000157183
245 1 0 _aAccess to basic infrastructure by the urban poor.
260 _aWashington, DC :
_bThe World Bank,
_c1991.
300 _aviii, 81 p.
650 0 _aUrban poor
_xServices for
_zDeveloping countries.
_@0000157184
650 0 _aUrban poor
_xGovernment policy
_zDeveloping countries.
_@0000157185
908 _a070809
950 _@1
999 _c7114
_d7114